Jojo's Bizarre Adventure: Phantom Blood quiz - Statistics

General Stats
  • This quiz has been taken 151 times
  • The average score is 14 of 32
Answer Stats
Hint Answer % Correct
"Kono ___ da!" Dio
97%
How does the main character die? Ship explosion / Dio
97%
Jobro; Narrates what main character does + helps in aid Robert E. O. Speedwagon
95%
Main Character Jonathan Joestar
94%
Step brother of main character; Main villain of Phantom Blood Dio Brando
92%
Who does this character give his hat to? Speedwagon
92%
Helps main character learn his powers Will A. Zeppeli
90%
What is this power called? Hamon
88%
Main Character's dog Danny
82%
Who is the love interest of the main character? Erina Pendleton
56%
Does the love interest survive? Yes
53%
What does the step brother do to ruin his brother's forming love? Kisses his crush / slaps her in mud
50%
What did the main character tell his love interest to save? A baby
47%
What sport did the two brothers play first? boxing
47%
What type of drink does this character have? ^ Red wine
46%
What object was the main issue of this part? Stone mask
46%
Who are the two zombies that were resurrected? Bruford and Tarkus
44%
"Hey ____!" Baby
42%
What word does the dying bruford put on the main characters sword? Pluck
38%
How does the main character's father die? Stabbed
32%
Where does Phantom Blood take place? London
27%
What was the main character horrible at first? Fighting
23%
How does the character that helps the main character die? (NOT THE JOBRO) Cut in half
18%
What weapon does the step brother pull out? pocket knife
8%
"Diooo! I'm going to make you ___ ____ _ ____!" cry like a baby
3%
what does the main character do after he finds out what the step brother did? Beats him up
2%
How does the main characters dog die? Burned alive in a furnace
2%
How did the main characters mother die? Horse Carriage crash
2%
What time period does this take place in? 1860s-1880s
1%
How does the love interest react after the step brother assaulted her? cleans her mouth with mud
1%
Why did the step brother of the main character try to kill him and his family? He wanted their fortune
1%
What did the step brother do to the main character in the sport to finish him off? Put a thumb in his eye
1%
No matching quizzes found
Score Distribution
Percent of People with Each Score
Percentile by Number Answered
Your Score History
You have not taken this quiz